000 00245nam a2200097Ia 4500
008 240321s9999 xx 000 0 und d
082 _a741.994
_bWOO
100 _aWoolley, Ken
245 0 _aArt works: drawing
260 _bThe Images Publishing Group
999 _c61318
_d61318